Háborús napló
Elmentve itt :
| Szerző: | |
|---|---|
| Adatforrás: | Meister |
| Forrásdokumentuma: | Látó. - 10 ; 11 sz., 1995, 3-10 ; 58-68 p. |
| Nyelv: | magyar |
| Kulcsszavak: | oral-history MÉLIUSZ József |
| LEADER | 00354nab a2200133 i 4500 | ||
|---|---|---|---|
| 001 | bibPRO00010519 | ||
| 008 | 060524s1995 xx hun | ||
| 040 | |a Sz1 | ||
| 041 | |a hun | ||
| 100 | 1 | |a MÉLIUSZ József | |
| 245 | 1 | 0 | |a Háborús napló |c MÉLIUSZ József |
| 695 | |a oral-history | ||
| 695 | |a MÉLIUSZ József | ||
| 773 | 0 | |t Látó. - |g 10 ; 11 sz., 1995, 3-10 ; 58-68 p. | |